000
00326nam a2200145Ia 4500
999
_c
5877
_d
5877
003
OSt
008
191201s2014 xx 000 0 und d
100
_a
GANGOPADHYAY, Subinoy
245
0
_a
Engineering Geology
250
_a
imp
260
_a
N. delhi
_b
Oxford
_c
2014
300
_a
566
650
_a
B.Tech(CE)
942
_2
ddc
_c
BK